000 00475nam a22001817a 4500
003 KOHA_MİRAKIL
005 20251221114346.0
008 251221b tu ||||| |||| 00| 0 tur d
020 _a9786057221025
040 _aTR-AnABB
_btur
_cTR-AnABB
041 _atur
082 _a363.561
_bSIN 2022
245 1 0 _aSınır güvenliği /
260 _aAnkara :
_bPolis Akademisi Yayınları,
_c2022
300 _a247 sayfa ;
_c21 cm
650 0 4 _aGüvenlik
942 _2ddc
_cBK
999 _c9807
_d9807
900 _bGizem YORULMAZ